000 00222nam a22000857a 4500
008 161017b xxu||||| |||| 00| 0 eng d
100 _9872
_aStuckey.D.K.
245 _aGod Made Prayer
260 _aUSA
_bConcordia Publications
_c1985
999 _c3525
_d3525